Going places / (Record no. 358717)
[ view plain ]
| 000 -LEADER | |
|---|---|
| fixed length control field | 00351nam a2200145Ia 4500 |
| 008 - FIXED-LENGTH DATA ELEMENTS--GENERAL INFORMATION | |
| fixed length control field | 180910s9999 xx 000 0 und d |
| 100 ## - MAIN ENTRY--PERSONAL NAME | |
| Personal name | Going Places. |
| 245 ## - TITLE STATEMENT | |
| Title | Going places / |
| 245 ## - TITLE STATEMENT | |
| Statement of responsibility, etc | Going Places. |
| 260 ## - PUBLICATION, DISTRIBUTION, ETC. (IMPRINT) | |
| Name of publisher, distributor, etc | Manila bulletin publishing |
| 260 ## - PUBLICATION, DISTRIBUTION, ETC. (IMPRINT) | |
| Date of publication, distribution, etc | 2018 |
| 300 ## - PHYSICAL DESCRIPTION | |
| Extent | 71 pages. |
| 440 ## - SERIES STATEMENT/ADDED ENTRY--TITLE | |
| Title | Going places |
| Volume number/sequential designation | 2 : 4 |
| 650 ## - SUBJECT ADDED ENTRY--TOPICAL TERM | |
| Topical term or geographic name as entry element | Travel. |
| Withdrawn status | Lost status | Damaged status | Home library | Current library | Date acquired | Total Checkouts | Date last seen | Price effective from | Koha item type |
|---|---|---|---|---|---|---|---|---|---|
| College Library | College Library | 09/10/2018 | 09/10/2018 | 09/10/2018 | Periodicals |